| 000 | 00747nam a2200241 i 4500 | ||
|---|---|---|---|
| 001 | 88825 | ||
| 003 | ES-MaACL | ||
| 005 | 20250809051001.0 | ||
| 007 | t| | ||
| 008 | 041209s1994 sp ||||1| spa d | ||
| 020 | _a84-7600-233-5 | ||
| 080 | _a875-96"03" | ||
| 100 | 1 |
_aAteneo de Náucratis. _923727 |
|
| 245 | 1 | 0 |
_aSobre las mujeres : _blibro XIII de La cena de los eruditos / _cAteneo de Náucratis ; edición de Jorge L. Sanchis Llopis. |
| 250 | _a3ª ed. | ||
| 260 |
_aTorrejón de Ardoz : _bAkal, _c1994. |
||
| 300 |
_a204 p. ; _c12 cm. |
||
| 490 | 1 |
_aAkal/clásica ; _v40 |
|
| 700 | 1 |
_aSanchis Llopis, Jordi ( _d1957-) _9174480 |
|
| 830 | 1 | 0 |
_aAkal/Clásica _v40 _9184082 |
| 852 | 4 |
_aES-MaACL _jE-10661 |
|
| 999 |
_c88825 _d88825 |
||